000 00509nam a2200181Ia 4500
008 100920s9999 xx 000 0 und d
082 _b16177
_a410 0
100 _aमंगरुळकर अरविन्द.
245 _aगाहा- सत्तसई.
260 _b---
_c0
300 _a179
_bसाधी
365 _b5
520 _aभाषा.
630 _aगाहा- सत्तसई.
650 _aभाषा.
730 _aगाहा- सत्तसई.
942 _cBOOK
999 _c679171
_d679168